<?xml version="1.0" encoding="UTF-8"?><?xml-stylesheet type="text/xsl" href="static/style.xsl"?><OAI-PMH xmlns="http://www.openarchives.org/OAI/2.0/" xmlns:xsi="http://www.w3.org/2001/XMLSchema-instance" xsi:schemaLocation="http://www.openarchives.org/OAI/2.0/ http://www.openarchives.org/OAI/2.0/OAI-PMH.xsd"><responseDate>2026-04-17T11:51:10Z</responseDate><request verb="GetRecord" identifier="oai:www.recercat.cat:2099.1/18776" metadataPrefix="marc">https://recercat.cat/oai/request</request><GetRecord><record><header><identifier>oai:recercat.cat:2099.1/18776</identifier><datestamp>2025-07-22T16:08:20Z</datestamp><setSpec>com_2072_1033</setSpec><setSpec>col_2072_452951</setSpec></header><metadata><record xmlns="http://www.loc.gov/MARC21/slim" xmlns:dcterms="http://purl.org/dc/terms/" xmlns:xsi="http://www.w3.org/2001/XMLSchema-instance" xmlns:doc="http://www.lyncode.com/xoai" xsi:schemaLocation="http://www.loc.gov/MARC21/slim http://www.loc.gov/standards/marcxml/schema/MARC21slim.xsd">
   <leader>00925njm 22002777a 4500</leader>
   <datafield ind2=" " ind1=" " tag="042">
      <subfield code="a">dc</subfield>
   </datafield>
   <datafield ind2=" " ind1=" " tag="720">
      <subfield code="a">Massip Sabater, Francesc</subfield>
      <subfield code="e">author</subfield>
   </datafield>
   <datafield ind2=" " ind1=" " tag="260">
      <subfield code="c">2012-12</subfield>
   </datafield>
   <datafield ind2=" " ind1=" " tag="520">
      <subfield code="a">El hidrógeno es un recurso utilizado en las refinerías de petróleo en varios tratamientos&#xd;
aplicados a los hidrocarburos, con la finalidad de eliminar impurezas y producir combustibles&#xd;
y otras materias primas de mayor valor económico. En un contexto donde las normativas&#xd;
sobre la composición de los combustibles son cada vez más estrictas, y donde el hidrógeno&#xd;
es un recurso caro, surge la necesidad de gestionar su uso y distribución de una forma&#xd;
óptima, minimizando su consumo a la vez que se garantiza el cumplimiento de la demanda&#xd;
necesaria para cada tratamiento.&#xd;
Con este objetivo, en este proyecto final de carrera se aborda el modelado y la optimización&#xd;
del funcionamiento de una red de distribución de hidrógeno en una refinería de petróleo. Se&#xd;
ha elegido para el estudio la red de distribución de una refinería de petróleo real situada en&#xd;
la República Popular de la China.&#xd;
La optimización de la red de hidrógeno está planteada en dos etapas. Primero, la búsqueda&#xd;
del punto óptimo de funcionamiento y distribución de flujos de la red actual buscando un&#xd;
coste de funcionamiento mínimo. Después, el planteamiento de cambios estructurales y la&#xd;
incorporación de nuevos elementos a la red que permitan una reducción de costes más&#xd;
notable, junto con la valoración de la viabilidad económica de incorporar dichos elementos.&#xd;
Adicionalmente, el proyecto plantea una comparación, tanto procedimental como de&#xd;
resultados, de los diferentes métodos de optimización encontrados en trabajos previos, a&#xd;
saber: métodos de programación matemática y algoritmos metaheurísticos.&#xd;
Los resultados obtenidos muestran una disminución del coste que, aunque es pequeña en&#xd;
términos relativos, teniendo en cuenta las dimensiones de la planta y el elevado consumo de&#xd;
materia prima con el que se trabaja de base, justifica sin duda la aplicación de estas&#xd;
herramientas de optimización.&#xd;
La metodología utilizada es un reflejo de los procedimientos desarrollados y aprendidos en&#xd;
el Centre d’Enginyeria de Processos i Medi Ambient de la UPC (CEPIMA), que aglutinan&#xd;
parte del trabajo previo hecho en la materia y facilitan una solución válida tanto en el marco&#xd;
teórico como en el práctico, y que se han aplicado también en un proyecto llevado a cabo en&#xd;
para una importante compañía de distribución de productos derivados del petróleo, entre&#xd;
enero y octubre de 2012.</subfield>
   </datafield>
   <datafield tag="653" ind2=" " ind1=" ">
      <subfield code="a">Àrees temàtiques de la UPC::Energies::Recursos energètics no renovables::Petroli</subfield>
   </datafield>
   <datafield tag="653" ind2=" " ind1=" ">
      <subfield code="a">Àrees temàtiques de la UPC::Energies::Eficiència energètica::Eficiència en la indústria</subfield>
   </datafield>
   <datafield tag="653" ind2=" " ind1=" ">
      <subfield code="a">Petroleum refineries</subfield>
   </datafield>
   <datafield tag="653" ind2=" " ind1=" ">
      <subfield code="a">Hydrogen as fuel</subfield>
   </datafield>
   <datafield tag="653" ind2=" " ind1=" ">
      <subfield code="a">Business logistics -- Planning</subfield>
   </datafield>
   <datafield tag="653" ind2=" " ind1=" ">
      <subfield code="a">Refineries de petroli</subfield>
   </datafield>
   <datafield tag="653" ind2=" " ind1=" ">
      <subfield code="a">Hidrogen com a combustible</subfield>
   </datafield>
   <datafield tag="653" ind2=" " ind1=" ">
      <subfield code="a">Logística (Indústria) -- Planificació</subfield>
   </datafield>
   <datafield ind2="0" ind1="0" tag="245">
      <subfield code="a">Análisis y optimización de una red de distribución de hidrógeno</subfield>
   </datafield>
</record></metadata></record></GetRecord></OAI-PMH>